000 00994nam a2200265 a 4500
001 BRCA_1350
005 20190320203404.0
008 941110s1991 mx-a---###---#000-0#spa-#
020 _a9686525009
041 _aspa
044 _amx
050 4 _aN8070
_b.E83 1991
100 1 _aEscalada, Xavier
_cS. J.
_d1918-2006
_94420
245 1 0 _aGuadalupe
_barte y esplendor
_cXavier Escalada S. J.
250 _a2
260 _a[México]
_bEnciclopedia Guadalupana
_c[1991]
300 _a178 p.
_bil. a color
_c31 cm.
_eun tríptico
500 _aContiene cuatro traducciones del náhuatl al español de Antonio Valeriano Nican Mopohua
500 _aIncluye piezas de la colección Franz Mayer: p. 13, 80, 81, 82, 83, 93 y 96
650 1 4 _aGuadalupe, nuestra señora de
_xArte
_94421
650 1 4 _aArte cristiano y simbolismo
_zMéxico
_942
650 1 4 _aGuadalupe, nuestra señora de
_xCulto
_zMéxico
_94422
700 1 _aValeriano, Antonio
_dca. 1520-1605
_tNic¯an mop¯ohua
_94423
942 _2lcc
_cB
999 _c1213
_d1213